[Event "FIDE Candidates 2022"]
[Site "Madrid ESP"]
[Date "2022.06.22"]
[Round "5.2"]
[White "Radjabov, Teimour"]
[Black "Ding, Liren"]
[Result "1/2-1/2"]
[WhiteElo "2753"]
[BlackElo "2806"]
[PlyCount "100"]
[EventDate "2022.06.17"]
[EventType "swiss"]
[EventRounds "14"]
[EventCountry "ESP"]
[EventCategory "22"]
[SourceTitle "Ajedrez en Madrid"]
[Source "lmi"]
[SourceDate "2022.06.17"]
[SourceVersion "1"]
[SourceVersionDate "2022.07.04"]
[SourceQuality "1"]

1. d4 Nf6 2. c4 e6 3. g3 Bb4+ 4. Nd2 O-O 5. Bg2 d5 6. Ngf3 b6 7. O-O Bb7 8. b3
Nbd7 9. Bb2 Rc8 10. Rc1 Qe7 11. e3 c5 12. cxd5 Bxd5 13. Qe2 cxd4 14. Nxd4 Bxg2
15. Kxg2 Ne5 16. e4 Rfd8 17. Rxc8 Rxc8 18. f4 Ng6 19. Nc4 Qb7 20. a3 Bc5 21.
Re1 b5 22. Nd2 a6 23. N2f3 Ne7 24. Qd3 h6 25. Re2 Bb6 26. h3 Rd8 27. Qc2 Rc8
28. Qd3 Rd8 29. Qc2 h5 30. h4 Ng4 31. Qc3 Nf6 32. Qc2 Rc8 33. Qd3 Ng4 34. b4
Qd7 35. Rd2 Rc4 36. Qe2 Qb7 37. Qd3 f6 38. Kh3 Qc8 39. e5 fxe5 40. fxe5 g6 41.
Ng5 Bxd4 42. Bxd4 Qa8 43. Qf3 Qxf3 44. Nxf3 Nc6 45. Bc5 Ncxe5 46. Nxe5 Nxe5 47.
Re2 Nd3 48. Rxe6 Nxc5 49. bxc5 Kf7 50. Rxa6 Rxc5 1/2-1/2

[Event "FIDE Candidates 2022"]
[Site "Madrid ESP"]
[Date "2022.07.03"]
[Round "13.2"]
[White "Nakamura, Hikaru"]
[Black "Duda, Jan-Krzysztof"]
[Result "1-0"]
[WhiteElo "2760"]
[BlackElo "2750"]
[PlyCount "103"]
[EventDate "2022.06.17"]
[EventType "swiss"]
[EventRounds "14"]
[EventCountry "ESP"]
[EventCategory "22"]
[SourceTitle "Ajedrez en Madrid"]
[Source "lmi"]
[SourceDate "2022.06.17"]
[SourceVersion "1"]
[SourceVersionDate "2022.07.04"]
[SourceQuality "1"]

1. e4 c5 2. Nf3 d6 3. d4 cxd4 4. Nxd4 Nf6 5. Nc3 a6 6. Be3 e5 7. Nf3 Be7 8. h3
h6 9. Bc4 Be6 10. Bb3 Nc6 11. Nh4 Na5 12. Bxe6 fxe6 13. Ng6 Rg8 14. O-O Nc4 15.
Bc1 Rc8 16. h4 Rc6 17. Qf3 Kf7 18. h5 Qc7 19. Nd1 Nb6 20. Ne3 Nbd7 21. c4 Nf8
22. Nh4 N8h7 23. b3 Ng5 24. Qe2 Ngxe4 25. Bb2 Re8 26. Ng6 Kg8 27. Rad1 a5 28.
Ng4 Bd8 29. Nxf6+ Nxf6 30. Rd2 Nd7 31. Rfd1 Bg5 32. Rd3 b5 33. Ba3 d5 34. cxd5
Rc2 35. Bd6 Rxe2 36. Bxc7 Nc5 37. d6 Nd7 38. Bxa5 Rxa2 39. Bb4 Bd8 40. Rc3 Bb6
41. Kh2 Kh7 42. f3 Ra7 43. Rc6 Be3 44. Bd2 Bd4 45. Bc3 Be3 46. Rc7 Rea8 47. Kh3
b4 48. Bxb4 Rb8 49. Bc3 Rxb3 50. Rc8 Rb8 51. Rxb8 Nxb8 52. d7 1-0